000 01211nam a2200325 i 4500
003 EG-GICUC
005 20260124142105.0
008 260124s1997 mr ||||jr|||| 000 p ara d
017 _a1996 / 1368
_bالمغرب
020 _a9981978582
040 _aEG-GiCUC
_bara
_cEG-GiCUC
_dEG-GiCUC
_erda
082 0 4 _221
_a811.9
_bB5953
092 0 4 _221
_a811.9
_bB5953
099 _a811.9 B5953
100 1 _aبلبداوى، أحمد
_eمؤلف.
245 1 2 _aالكلام الشعرى :
_bمن الضرورة الى البلاغة العامة /
_cأحمد بلبداوى
250 _aالطبعة الاولى
264 _aالرباط (المغرب) :
_bدار الأمان للنشر والتوزيع،
_c1997
300 _a224 صفحة ؛
_c24 سم
336 _2rdacontent
_atext
337 _2rdamedia
_aUnmediated
338 _2rdacarrier
_avolume
504 _aيشتمل على ارجاعات ببليوجرافية.
541 _aد. جابر عصفور ؛
_bالقاهرة ؛
_cإهداء ؛
_d2024.
650 1 7 _aالشعر العربى
_xتاريخ ونقد
_2qrmak
650 1 0 _aاللغة العربية
_xعلم الوزن
651 1 _2qrmak
905 _aAmira
942 _2ddc
_cBK
_e21
_n0
999 _c177989
_d177989